Integrated solid waste management : engineering principles and management issues (Record no. 47146)
[ view plain ]
| 000 -LEADER | |
|---|---|
| fixed length control field | 00996nam a2200241 a 4500 |
| 008 - FIXED-LENGTH DATA ELEMENTS--GENERAL INFORMATION | |
| fixed length control field | 060316s1993 ||||||||||||||||| || u |
| 020 ## - INTERNATIONAL STANDARD BOOK NUMBER | |
| International Standard Book Number | 0070632375 |
| 050 ## - LIBRARY OF CONGRESS CALL NUMBER | |
| Classification number | TD 791 Tch |
| 100 ## - MAIN ENTRY--PERSONAL NAME | |
| Personal name | Vigil, Samuel |
| 245 10 - TITLE STATEMENT | |
| Title | Integrated solid waste management : engineering principles and management issues |
| 246 ## - VARYING FORM OF TITLE | |
| Title proper/short title | engineering principles and management issues |
| 260 ## - PUBLICATION, DISTRIBUTION, ETC. | |
| Place of publication, distribution, etc. | New York : |
| Name of publisher, distributor, etc. | McGraw-Hill |
| Date of publication, distribution, etc. | 1993 |
| 300 ## - PHYSICAL DESCRIPTION | |
| Extent | xxi, 978 p. : ill. |
| 350 ## - PRICE (NR) (BK AM CF MU VM SE) [OBSOLETE] | |
| Price | 0.00 |
| 490 ## - SERIES STATEMENT | |
| Series statement | McGraw-Hill series in water resources and environmental engineering |
| 650 ## - SUBJECT ADDED ENTRY--TOPICAL TERM | |
| Topical term or geographic name entry element | REFUSE AND REFUSE DISPOSAL |
| 650 ## - SUBJECT ADDED ENTRY--TOPICAL TERM | |
| Topical term or geographic name entry element | HAZARDOUS WASTES |
| 700 ## - ADDED ENTRY--PERSONAL NAME | |
| Personal name | Tchobanoglous, George |
| 700 ## - ADDED ENTRY--PERSONAL NAME | |
| Personal name | Theisen, Hilary |
| 856 ## - ELECTRONIC LOCATION AND ACCESS | |
| Uniform Resource Identifier | <a href="http://www.loc.gov/catdir/toc/mh021/92035582.html">http://www.loc.gov/catdir/toc/mh021/92035582.html</a> |
| 856 ## - ELECTRONIC LOCATION AND ACCESS | |
| Uniform Resource Identifier | <a href="http://www.loc.gov/catdir/description/mh022/92035582.html">http://www.loc.gov/catdir/description/mh022/92035582.html</a> |
| 995 ## - RECOMMENDATION 995 [LOCAL, UNIMARC FRANCE] | |
| -- | 0.00 |
| -- | CBU-MAIN LIBRARY (Kitwe) |
| -- | 1 |
| -- | 30.00 |
| -- | 1 |
| -- | AVAILABLE |
| -- | Jul 6, 2006 |
| -- | Main Library Open Access Collection |
| Withdrawn status | Lost status | Source of classification or shelving scheme | Damaged status | Not for loan | Home library | Current library | Shelving location | Date acquired | Total Checkouts | Full call number | Barcode | Date last seen | Price effective from | Koha item type |
|---|---|---|---|---|---|---|---|---|---|---|---|---|---|---|
| CBU-MAIN LIBRARY, KITWE. | CBU-MAIN LIBRARY, KITWE. | 11/30/2022 | TD 791 Tch | 40560 | 11/30/2022 | 11/30/2022 | MONOGRAPH |